000 00342nam a2200145Ia 4500
008 230917s9999||||xx |||||||||||||| ||und||
040 _e37977
_aMAIN
041 _aEnglish
082 _a954.02 S23C
100 _aSharma, S R
245 4 _aThe Crescent in India
260 _aDelhi
_bSanjay Prakashan
_c1986
300 _a310 p.
942 _cBK
999 _c52222
_d52222